El Catalanisme progressiu / J. Narcís Roca i Farreras ; edició a cura de Jordi Llorens
Descripción Física:
XXI, 142 p. ; 19'5 cm
Otros Autores:
Llorens i Vila, Jordi
Materias:
Nacionalisme -- Catalunya
MARC
| LEADER | 00000nam a2200000Ia 4500 | ||
|---|---|---|---|
| 001 | 1243 | ||
| 008 | 160829s1983 xx 000 0 cat d | ||
| 080 | |a M-2-224 | ||
| 100 | |a Roca i Ferreras, Josep-Narcís |9 28748 | ||
| 245 | |a El Catalanisme progressiu / J. Narcís Roca i Farreras ; edició a cura de Jordi Llorens | ||
| 260 | |a Barcelona : |b La Magrana : |b Diputació de Barcelona, |c 1983 | ||
| 300 | |a XXI, 142 p. ; |c 19'5 cm | ||
| 490 | |a Biblioteca dels clàssics del Nacionalisme català ; 2 | ||
| 650 | 0 | |a Nacionalisme |z Catalunya |9 11008 | |
| 700 | 1 | |a Llorens i Vila, Jordi |9 28749 | |
| 901 | |a Arxiu | ||
| 942 | |n 1 | ||
| 952 | |0 0 |1 0 |4 0 |6 M2224 |7 1 |9 44928 |a Arxiu |b Arxiu |d 2016-12-01 |l 0 |o M-2-224 |p 1243 |r 2016-12-01 00:00:00 |w 2016-12-01 |y ARXIU | ||
| 999 | |c 47527 |d 47527 | ||